Statistics for 20 World Capitals closer to Gitega than to Bujumbura

Click here to take the quiz!

General Stats

  • This quiz has been taken 76 times
  • The average score is 14 of 20

Answer Stats

%Capital% Correct
6.86%Nairobi
90%
7.68%Dodoma
85%
6.99%Kigali
83%
3.09%Mogadishu
81%
6.50%Kampala
79%
1.93%Addis Ababa
78%
1.89%Antananarivo
78%
1.70%Djibouti
76%
2.18%Victoria
74%
3.13%Moroni
71%
0.94%Muscat
71%
1.00%Asmara
69%
2.14%Lilongwe
69%
1.30%Sana'a
68%
1.03%Juba
65%
1.54%Port Louis
63%
0.89%Abu Dhabi
53%
1.23%Malé
50%
0.82%Doha
43%
1.06%Sri Jayawardenepura Kotte
35%

Score Distribution

Percentile by Number Answered

Percent of People with Each Score

Your Score History

You have not taken this quiz